Persons deprived of liberty: (Record no. 2181)

MARC details
000 -LEADER
fixed length control field 00690nam a22001937a 4500
005 - DATE AND TIME OF LATEST TRANSACTION
control field 20230630073155.0
008 - FIXED-LENGTH DATA ELEMENTS--GENERAL INFORMATION
fixed length control field 230630b |||||||| |||| 00| 0 eng d
020 ## - INTERNATIONAL STANDARD BOOK NUMBER
International Standard Book Number 978-621-418-194-0
082 ## - DEWEY DECIMAL CLASSIFICATION NUMBER
Classification number Fil. 363.7296 Sa211 2021
100 ## - MAIN ENTRY--PERSONAL NAME
Personal name Sanchez, Flory F.
Relator term author
245 ## - TITLE STATEMENT
Title Persons deprived of liberty:
Remainder of title a guide to food safety and cookery for better food service /
Statement of responsibility, etc. Flory Flores Sanchez
260 ## - PUBLICATION, DISTRIBUTION, ETC.
Place of publication, distribution, etc. Quezon City:
Name of publisher, distributor, etc. Wiseman's Books Trading,
Date of publication, distribution, etc. c2021
300 ## - PHYSICAL DESCRIPTION
Extent xii, 212p.:
Other physical details ill.
504 ## - BIBLIOGRAPHY, ETC. NOTE
Bibliography, etc. note Includes bibliographies
541 ## - IMMEDIATE SOURCE OF ACQUISITION NOTE
Accession number 7224 c.1, 7225 c.2
650 ## - SUBJECT ADDED ENTRY--TOPICAL TERM
Topical term or geographic name entry element Food service - Safety measures
650 ## - SUBJECT ADDED ENTRY--TOPICAL TERM
Topical term or geographic name entry element Food service - Sanitation
650 ## - SUBJECT ADDED ENTRY--TOPICAL TERM
Topical term or geographic name entry element Food safety - Health and hygiene
Holdings
Withdrawn status Lost status Source of classification or shelving scheme Damaged status Not for loan Home library Current library Date acquired Total Checkouts Full call number Barcode Date last seen Copy number Price effective from Koha item type
    Dewey Decimal Classification     ctu-moalboal ctu-moalboal 02/04/2022   Fil. 363.7296 Sa211 2021 7224 06/30/2023 1 06/30/2023 Books-Filipiniana
    Dewey Decimal Classification     ctu-moalboal ctu-moalboal 02/04/2022   Fil. 363.7296 Sa211 2021 7225 06/30/2023 2 06/30/2023 Books-Filipiniana